كتاب التنبيه والإشراف ;; Kitāb al-tanḅīh wa-al-ishrāf / (Record no. 78824)
[ view plain ]
| 000 -LEADER | |
|---|---|
| fixed length control field | 01088aaa a2200241 a 4500 |
| 001 - CONTROL NUMBER | |
| control field | 78824 |
| 003 - CONTROL NUMBER IDENTIFIER | |
| rucl marc code | BD-RjUL |
| 005 - DATE AND TIME OF LATEST TRANSACTION | |
| control field | 20211209083158.0 |
| 008 - FIXED-LENGTH DATA ELEMENTS--GENERAL INFORMATION | |
| fixed length control field | 211118s1965 le ||||| |||| 001 0 ara d |
| 035 ## - SYSTEM CONTROL NUMBER | |
| System control number | (BD-RjUL)79051 |
| 040 ## - CATALOGING SOURCE | |
| Original cataloging agency | BD-RjUL |
| Language of cataloging | eng |
| Transcribing agency | BD-RjUL |
| 041 ## - LANGUAGE CODE | |
| Language code of text/sound track or separate title | ara |
| 082 ## - DEWEY DECIMAL CLASSIFICATION NUMBER | |
| Edition number | 23 |
| Classification number | 909.8 |
| Author mark and year | MAK 1965 |
| 100 1# - MAIN ENTRY--PERSONAL NAME | |
| Personal name | مسعودي، لأبي الحسن علي بن الحسين بن علي.;; masudi, li'abi alhasan ealii bin alhusayn bin eulay. |
| 9 (RLIN) | 250188 |
| 245 10 - TITLE STATEMENT | |
| Title | كتاب التنبيه والإشراف ;; Kitāb al-tanḅīh wa-al-ishrāf / |
| Statement of responsibility, etc. | . لأبي الحسن علي بن الحسين بن علي المسعودي;; . Abu Al-Hassan Ali bin Al-Hussein bin Ali Al-Masoudi |
| Name of part/section of a work | Tanbīh wa-al-ishrāf. |
| 260 ## - PUBLICATION, DISTRIBUTION, ETC. (IMPRINT) | |
| Place of publication, distribution, etc. | Bayrūt ; Lebanon: . |
| Name of publisher, distributor, etc. | مكتبة خياط، ;; Maktabat Khayyāṭ, |
| Date of publication, distribution, etc. | 1965 |
| 300 ## - PHYSICAL DESCRIPTION | |
| Pagination | xliii, 508 pages ; |
| Size | 23 cm. |
| 490 ## - SERIES STATEMENT | |
| Series statement | Rawāʼiʻ al-turāth al-ʻArabī, 4. |
| 650 ## - SUBJECT ADDED ENTRY--TOPICAL TERM | |
| Topical term or geographic name as entry element | World history |
| Form subdivision | Early works to 1800. |
| 9 (RLIN) | 250189 |
| Topical term or geographic name as entry element | World history. |
| 9 (RLIN) | 250190 |
| 830 ## - SERIES ADDED ENTRY--UNIFORM TITLE | |
| Uniform title | Rawāʼiʻ al-turāth al-ʻArabī, 4. |
| 942 ## - ADDED ENTRY ELEMENTS (KOHA) | |
| Source of classification or shelving scheme | Dewey Decimal Classification |
| Koha item type | Books |
| Lost status | Source of classification or shelving scheme | Damaged status | Not for loan | Collection code | Permanent Location | Current Location | Shelving location | Date acquired | Source of acquisition | Cost, normal purchase price | Total Checkouts | Full call number | Date last seen | Copy number | Koha item type |
|---|---|---|---|---|---|---|---|---|---|---|---|---|---|---|---|
| Dewey Decimal Classification | Not For Loan | Non-fiction | Central Library, University of Rajshahi | Central Library, University of Rajshahi | Reading Room | 22/07/1968 | swets & geitlinger | 119.00 | A 909.8 MAK 1965 | 18/11/2021 | C-1 | Books |